| 000 | 01544nam a2200313 a 4500 | ||
|---|---|---|---|
| 001 | 424784 | ||
| 003 | ARRUPE | ||
| 005 | 20160804113537.0 | ||
| 008 | 810402s1979 ke a b 100 0 eng | ||
| 010 | _a 80980628 | ||
| 040 |
_aDLC _cDLC _dDLC |
||
| 043 | _af------ | ||
| 050 | 0 | 0 |
_aLC158.A2 _bA43 1972 |
| 082 | 0 | 0 |
_a374/.012 _219 |
| 111 | 2 |
_aAfrolit Society Literacy Seminar _n(3rd : _d1972 : _cLomé, Togo) _924643 |
|
| 245 | 1 | 0 |
_aLiteracy and human development : _b(organization, teacher training, writing for new readers, continuing education in adult literacy) : including translations from French of occasional papers read at the Third Biennial Afrolit Literacy Seminar, Lome, Togo, December 10-20, 1972 and at the consultation on literacy and human development organized jointly by Afrolit Society and Intermedia (of the National Council of Churches USA) for African literacy workers at Chilema, Malawi, March 1973 / _cCharles T. Hein, editor. |
| 250 | _a2d rev. ed. | ||
| 260 |
_aNairobi, Kenya : _bThe Society, _cc1979. |
||
| 300 |
_avii, 139 p. : _bill. ; _c19 cm. |
||
| 490 | 1 |
_aAfrolit papers ; _vv. 1 |
|
| 504 | _aIncludes bibliographical references. | ||
| 650 | 0 |
_aLiteracy _zAfrica _xCongresses. _924644 |
|
| 700 | 1 |
_aHein, Charles T. _924645 |
|
| 710 | 2 |
_aAfrolit Society. _924646 |
|
| 710 | 2 |
_aNational Council of the Churches of Christ in the United States of America. _bIntermedia. _924647 |
|
| 830 | 0 |
_aAfrolit papers ; _vno. 1. _924648 |
|
| 906 |
_a7 _bcbc _corignew _d4 _encip _f19 _gy-gencatlg |
||
| 942 |
_2lcc _cMONOGRAPH |
||
| 999 |
_c124864 _d124864 |
||